Tấm gương Bác - Ngọc quý của mọi nhà

Đã lưu trong:
書目詳細資料
Những tác giả chính:  Nguyễn, Văn Khoan,  Tấm gương Bác - Ngọc quý của mọi nhà
格式: Sách
語言:Undetermined
出版:  Công an Nhân dân  2018
主題:
標簽: 添加標簽
沒有標簽, 成為第一個標記此記錄!
Thư viện lưu trữ: Trung tâm Thư viện - Trường Đại học Công nghiệp TP. Hồ Chí Minh
LEADER 00569nam a2200157Ia 4500
001 UIH_08118
008 241002s9999 xx 000 0 und d
082 |a  335.4346 
100 |a  Nguyễn, Văn Khoan 
100 |a  Tấm gương Bác - Ngọc quý của mọi nhà 
245 0 |a  Tấm gương Bác - Ngọc quý của mọi nhà 
260 |b  Công an Nhân dân 
260 |c  2018 
650 |a Tư tưởng Hồ Chí Minh 
927 |a Sách 
980 |a Trung tâm Thư viện - Trường Đại học Công nghiệp TP. Hồ Chí Minh